Central Library OPAC University of Rajshahi

First five-year plan for development of the national economy of the People's Republic of China in 1953-1957 / (Record no. 43174)

MARC details
000 -LEADER
fixed length control field 00703nam a2200229 a 4500
001 - CONTROL NUMBER
control field 43174
003 - CONTROL NUMBER IDENTIFIER
rucl marc code BD-RjUL
005 - DATE AND TIME OF LATEST TRANSACTION
control field 20211209053646.0
008 - FIXED-LENGTH DATA ELEMENTS--GENERAL INFORMATION
fixed length control field 160620s1956 sz b 000 0 eng
035 ## - SYSTEM CONTROL NUMBER
System control number (BD-RjUL) 43292
040 ## - CATALOGING SOURCE
Original cataloging agency DLC
Transcribing agency DLC
Modifying agency MYG
-- BD-RjUL
Language of cataloging eng
041 ## - LANGUAGE CODE
Language code of text/sound track or separate title eng
082 ## - DEWEY DECIMAL CLASSIFICATION NUMBER
Edition number 23
Classification number 338.951
Author mark and year FIR 1956
110 1# - MAIN ENTRY--CORPORATE NAME
Corporate name or jurisdiction name as entry element China.
9 (RLIN) 132591
245 10 - TITLE STATEMENT
Title First five-year plan for development of the national economy of the People's Republic of China in 1953-1957 /
Statement of responsibility, etc. China
260 ## - PUBLICATION, DISTRIBUTION, ETC. (IMPRINT)
Place of publication, distribution, etc. Peking :
Name of publisher, distributor, etc. Foreign Languages Press,
Date of publication, distribution, etc. 1956.
300 ## - PHYSICAL DESCRIPTION
Pagination 231 p. ;
Size 22 cm.
650 ## - SUBJECT ADDED ENTRY--TOPICAL TERM
Topical term or geographic name as entry element Economic policy
Geographic subdivision China
9 (RLIN) 132588
700 ## - ADDED ENTRY--PERSONAL NAME
Personal name China
942 ## - ADDED ENTRY ELEMENTS (KOHA)
Source of classification or shelving scheme Dewey Decimal Classification
Koha item type Books
949 ## - LOCAL PROCESSING INFORMATION (OCLC)
a MYGD [Micro-] [fiche]
Holdings
Lost status Source of classification or shelving scheme Damaged status Not for loan Collection code Permanent Location Current Location Shelving location Date acquired Total Checkouts Full call number Date last seen Copy number Koha item type
  Dewey Decimal Classification     Non-fiction Central Library, University of Rajshahi Central Library, University of Rajshahi   20/06/2016   338.951 FIR 1956 20/06/2016 C-2 Books
  Dewey Decimal Classification   Not For Loan Non-fiction Central Library, University of Rajshahi Central Library, University of Rajshahi   04/01/2017   338.951 FIR 1956 04/01/2017 C-1 Books